KOHA-Header-6

Artificial Neural Networks (Record no. 6724)

000 -LEADER
fixed length control field 00265nam a2200109Ia 4500
100 ## - MAIN ENTRY--AUTHOR NAME
Personal name Schalkoff,Robert J.
245 #0 - TITLE STATEMENT
Title Artificial Neural Networks
260 ## - PUBLICATION, DISTRIBUTION, ETC. (IMPRINT)
Place of publication New york
Name of publisher Pearson
Year of publication 1997
300 ## - PHYSICAL DESCRIPTION
Number of Pages 422
942 ## - ADDED ENTRY ELEMENTS (KOHA)
Koha item type Books
Holdings
Withdrawn status Lost status Collection code Permanent Location Current Location Shelving location Date acquired Full call number Accession Number Koha item type
    Computer Networking MAJU MAJU   2019-09-11 006.3 144 Computer Networking

Powered by Koha